000
00267nam a2200097Ia 4500
001
1253738
005
20251031150959.0
008
251031s9999 xx 000 0 und d
245
0
_c
CATH JONES
_a
X-2 SAFARİ PARKTA DEV PANCAR ÇILGINLIĞI
260
_b
İNDİGO YAYINLARI
999
_c
1253738
_d
1253738